| 000 | 00000nam##2200000za#4500 |
| 001 | 9.626012 |
| 003 | CaOODSP |
| 005 | 20210615104302 |
| 007 | ta |
| 008 | 150406|2002||||xxc||||| f|0| 0 fre|d |
| 020 | |a0-662-87774-8 |
| 040 | |aCaOODSP|bfre |
| 043 | |an-cn--- |
| 086 | 1 |aH113-7/2002-5F |
| 110 | 1 |aCanada.|bSanté Canada. |bAgence de réglementation de la lutte antiparasitaire. |
| 245 | 10|aAcétamipride, insecticide Assail Brand 70 WP, insecticide Chipco Brand Tristar 70 WSP, insecticide Pristine Brand RTU |
| 260 | |aOttawa - Ontario : |bSanté Canada. |c2002. |
| 300 | |a140p. : |btableaux ; |c28 cm. |
| 490 | 1 |aNote réglementaire |vREG 2002-05 |
| 520 | 3 |aCette Note réglementaire présente un résumé des données examinées et un exposé raisonné de la décision rendue concernant ces produits. |
| 563 | |aCouverture souple |
| 590 | |a03-02|b2003-01-10 |
| 691 | 07|aParasite|2gcpds |
| 691 | 07|aRéglementation|2gcpds |
| 775 | 08|tAcetamiprid, Assail Brand 70 WP insecticide, Chipco Brand Tristar 70 WSP insecticide, Pristine Brand RTU insecticide |w(CaOODSP)9.616090 |
| 830 | #0|aNote réglementaire ;|vREG 2002-05|w(CaOODSP)9.513063 |